000
00327nam a2200133Ia 4500
008
220204s9999 xx 000 0 und d
082
_a
657
_b
CAR
245
0
_a
Current issues in accounting
260
_a
Oxford
_b
Philip Allan
_c
1977
650
_a
Accounting
700
_a
Carsberg, Bryan
700
_a
Hope, Tony
942
_c
BK
999
_c
28020
_d
28020